Detalles MARC
| 000 -LEADER |
| fixed length control field |
01801nam#a2200265 4500 |
| 001 - CONTROL NUMBER |
| control field |
9786071520258 |
| 003 - CONTROL NUMBER IDENTIFIER |
| control field |
VST |
| 005 - DATE AND TIME OF LATEST TRANSACTION |
| control field |
20250425090631.0 |
| 006 - FIXED-LENGTH DATA ELEMENTS--ADDITIONAL MATERIAL CHARACTERISTICS |
| fixed length control field |
m o d |
| 007 - PHYSICAL DESCRIPTION FIXED FIELD--GENERAL INFORMATION |
| fixed length control field |
cr#un#---uucau |
| 008 - FIXED-LENGTH DATA ELEMENTS--GENERAL INFORMATION |
| fixed length control field |
230410s2023 MEX d |
| 020 ## - INTERNATIONAL STANDARD BOOK NUMBER |
| International Standard Book Number |
9786071520258 |
| 040 ## - CATALOGING SOURCE |
| Original cataloging agency |
VST |
| Transcribing agency |
VST |
| Modifying agency |
VST |
| 100 1# - MAIN ENTRY--PERSONAL NAME |
| Personal name |
William F. Smith, Javad Hashemi |
| Relator term |
author |
| 245 10 - TITLE STATEMENT |
| Title |
Fundamentos de la ciencia e ingeniería de los materiales, 7th Edition |
| 250 ## - EDITION STATEMENT |
| Edition statement |
seventh edition |
| 260 ## - PUBLICATION, DISTRIBUTION, ETC. |
| Place of publication, distribution, etc. |
Mexico : |
| 264 #1 - PRODUCTION, PUBLICATION, DISTRIBUTION, MANUFACTURE, AND COPYRIGHT NOTICE |
| Place of production, publication, distribution, manufacture |
Mexico : |
| Name of producer, publisher, distributor, manufacturer |
McGraw-Hill Interamericana, |
| Date of production, publication, distribution, manufacture, or copyright notice |
2023 |
| 300 ## - PHYSICAL DESCRIPTION |
| Extent |
1 online resource |
| 336 ## - CONTENT TYPE |
| Content type term |
text |
| Content type code |
txt |
| Source |
rdacontent |
| 337 ## - MEDIA TYPE |
| Media type term |
computer |
| Media type code |
c |
| Source |
rdamedia |
| 520 ## - SUMMARY, ETC. |
| Summary, etc. |
¿Con qué material se debe hacer un avión supersónico para que resista las altas temperaturas a las que estará expuesto? ¿Qué materiales tienen menos impacto ecológico en el medio ambiente? ¿Cuáles nanomateriales inteligentes se han elaborado últimamente para las industrias aeroespacial, médica, tecnológica, entre otras? A lo largo de la historia, el avance de la civilización ha dependido de las mejoras de los materiales con los que se trabaja. La producción y el procesamiento de los materiales, hasta convertirlos en productos terminados, constituyen una parte importante de la economía actual. Y es en los ingenieros en quienes recae el diseño de la mayoría de los productos manufacturados y los sistemas de procesamiento necesarios para su producción, por lo que es esencial que conozcan la estructura interna, las propiedades, el procesamiento y el desempeño de varias clases de materiales, de modo que puedan elegir los más adecuados para cada aplicación y crear los mejores métodos para procesarlos. |
| 856 40 - ELECTRONIC LOCATION AND ACCESS |
| Uniform Resource Identifier |
<a href="https://resolver.vitalsource.com/9786071520258">https://resolver.vitalsource.com/9786071520258</a> |
| 942 ## - ADDED ENTRY ELEMENTS (KOHA) |
| Koha item type |
Recurso Electrónico |